000 00275nam a22001217a 4500
008 170306b xxu||||| |||| 00| 0 alb d
041 _aalb
080 _a611
100 _a6
101 _aSHM
245 _aANATOMIA DHE FIZIOLOGJIA E NJERIUT
_cSARAQINI, H.ZH
942 _2udc
_cBK
999 _c6865
_d6865